Catalogue, Egypt II (1550-1080 B.C.) : Ny Carlsberg Glyptotek /

محفوظ في:

مؤلف مشترك: Ny Carlsberg glyptotek.

مؤلفون آخرون: Jørgensen, Mogens.

التنسيق: كتاب

اللغة: English

منشور في: [Copenhagen] : Ny Carlsberg Glyptotek, 1998.

سلاسل: Catalogue / Ny Carlsberg glyptotek.

الموضوعات:

الوسوم: إضافة وسم

لا توجد وسوم, كن أول من يضع وسما على هذه التسجيلة!

رقم الطلب: N5350 .N932

LEADER 01141nam a22003017a 4500
003 OSt
005 20260201080341.0
008 010226t1998 dk af rc 000 0 eng d
020 |a 8774522051 
040 |c ARCE Library 
050 1 4 |a N5350  |b .N932 
110 2 |a Ny Carlsberg glyptotek. 
240 1 0 |a Aegypten II.   |l English. 
245 1 0 |a Catalogue, Egypt II (1550-1080 B.C.) :   |b Ny Carlsberg Glyptotek /  |c by Mogens Jørgensen. 
246 3 0 |a Catalogue : Egypt II (1550-1080 B.C.) : Ny Carlsberg Glyptotek. 
260 |a [Copenhagen] :   |b Ny Carlsberg Glyptotek,   |c 1998. 
300 |a 384 p. :   |b ill. (chiefly col.), map ;   |c 30 cm. 
490 0 |a Catalogue / Ny Carlsberg glyptotek. 
500 |a "This volume is part of a series of catalogues of the collections in the Ny Carlsberg Glyptotek"--T.p. verso. 
500 |a The Library has a photocopy. 
610 2 0 |a Ny Carlsberg glyptotek  |v Catalogs. 
650 0 |a Art, Egyptian   |v Catalogs. 
650 0 |a Art, Ancient   |z Denmark   |z Copenhagen   |v Catalogs. 
651 0 |a Egypt  |x Antiquities  |v Catalogs. 
700 1 |a Jørgensen, Mogens. 
901 |a reviewed 
942 |2 lcc  |c BK 
999 |c 48623  |d 48623